000
00337 a2200157 4500
001
73212
020
_a
8516043312
040
_c
Anchieta - Colégio São Paulo
100
_a
Feltre, Ricardo
240
1
0
_a
Química
_l
por
245
1
0
_a
Química
300
_a
417
362
0
_a
2006
650
4
_a
Química e ciências afins
942
_c
BK
999
_c
73212
_d
73212